Successful parenting : creative project big and small
| Format: | Book |
|---|---|
| Published: |
Virginia :
Time-Life Books ,
1988
|
| Series: | Successful parenting
|
| Subjects: |
MARC
| LEADER | 00000cam a2200000 7i4500 | ||
|---|---|---|---|
| 001 | 0000004555 | ||
| 002 | 000004911 | ||
| 005 | .0 | ||
| 020 | |a 080945937X | ||
| 090 | 0 | 0 | |a 649 |b SUC |
| 245 | 0 | 0 | |a Successful parenting : |b creative project big and small |
| 260 | |a Virginia : |b Time-Life Books , |c 1988 | ||
| 300 | |a 144p. : |b ill. ; |c 25cm. | ||
| 490 | 0 | |a Successful parenting | |
| 650 | 0 | 0 | |a Child development |
| 650 | 0 | 0 | |a Handicraft |
| 999 | |a 015357 |b BUKU |c PINJAMAN |e PERPUSTAKAAN KOMUNITI PETALING JAYA | ||